Every monarch of the Scandinavian states - Statistics

General Stats
  • This quiz has been taken 12 times
  • The average score is 124 of 191
Answer Stats
Country years Monarch % Correct
Kingdom of Denmark 1448-1481 Christian I
91%
Kingdom of Denmark 1513-1523 Christian II
91%
Kingdom of Denmark 1534-1559 Christian III
91%
Kingdom of Denmark 1588-1648 Christian IV
91%
Kingdom of Denmark 1863-1906 Christian IX
91%
Kingdom of Denmark 1670-1699 Christian V
91%
Kingdom of Denmark 1730-1746 Christian VI
91%
Kingdom of Denmark 1766-1808 Christian VII
91%
Kingdom of Denmark 1839-1848 Christian VIII
91%
Kingdom of Denmark 1912-1947 Christian X
91%
Kingdom of Norway 1808-1814 Fredrik VI
91%
Kingdom of Sweden 1907-1950 Gustaf V
91%
Kingdom of Sweden 1950-1973 Gustaf VI Adolf
91%
Kingdom of Sweden 1611-1632 Gustav II Adolf "Gustavus Adolphus"
91%
Kingdom of Sweden 1771-1792 Gustav III
91%
Kingdom of Sweden 1792-1809 Gustav IV Adolf
91%
Kingdom of Sweden 1523-1560 Gustav I Vasa
91%
Kingdom of Norway 961-985/6 Harald "Blåtann"
91%
Kingdom of Denmark 958/64-985/6 Harald I "Blåtand"
91%
Kingdom of Norway 872-932 Harald I Halvdanson "Hårfagre"
91%
Kingdom of Norway 961-970 Harald II Eiriksson "Gråfell"
91%
Kingdom of Denmark 1076-1080 Harald III "Hén"
91%
Kingdom of Norway 1046-1066 Harald III Sigurdsson "Hardråde"
91%
Kingdom of Denmark 1014-1018 Harald II Svendsen
91%
Kingdom of Norway 1130-1136 Harald IV Magnusson "Gille"
91%
Kingdom of Norway 1991- Harald V
91%
Kingdom of Norway 1814-1818 Karl II
91%
Kingdom of Norway 1818-1844 Karl III Johan
91%
Kingdom of Norway 1449-1450 Karl I Knutsson Bonde
91%
Kingdom of Norway 1859-1872 Karl IV
91%
Kingdom of Sweden 1604-1611 Karl IX
91%
Kingdom of Sweden 1448-1457 Karl VIII Knutsson Bonde
91%
Kingdom of Sweden 1464-1470 Karl VIII Knutsson Bonde
91%
Kingdom of Sweden 1157-1167 Karl VII Sverkersson
91%
Kingdom of Sweden 1654-1660 Karl X Gustav
91%
Kingdom of Sweden 1660-1697 Karl XI
91%
Kingdom of Sweden 1697-1718 Karl XII
91%
Kingdom of Sweden 1809-1818 Karl XIII
91%
Kingdom of Sweden 1818-1844 Karl XIV Joahn
91%
Kingdom of Sweden 1859-1872 Karl XV
91%
Kingdom of Sweden 1973- Karl XVI Gustaf
91%
Kingdom of Denmark 1019-1035 Knud II "den Store"
91%
Kingdom of Denmark 1035-1042 Knud III "Hardeknud"
91%
Kingdom of Denmark 1080-1086 Knud IV "den Hellige"
91%
Kingdom of Denmark 1146-1157 Knud V
91%
Kingdom of Denmark 1170-1202 Knud VI
91%
Kingdom of Norway 1028-1035 Knut "den mektige"
91%
Kingdom of Sweden 1167-1196 Knut I Eriksson
91%
Kingdom of Sweden 1229-1234 Knut II Holmgersson "Långe
91%
Kingdom of Norway 1814 Kristian Fredrik
91%
Kingdom of Sweden 1457-1464 Kristian I
91%
Kingdom of Norway 1450-1481 Kristian I
91%
Kingdom of Norway 1513-1523 Kristian II
91%
Kingdom of Norway 1537-1559 Kristian III
91%
Kingdom of Sweden 1520-1521 Kristian II "Tyrann"
91%
Kingdom of Norway 1588-1648 Kristian IV
91%
Kingdom of Norway 1670-1699 Kristian V
91%
Kingdom of Norway 1730-1746 Kristian VI
91%
Kingdom of Norway 1766-1808 Kristian VII
91%
Kingdom of Denmark 1481-1513 Hans
82%
Kingdom of Norway 1483-1513 Hans
82%
Kingdom of Sweden 1497-1501 Johan II
82%
Kingdom of Sweden 1569-1592 Johan III
82%
Kingdom of Sweden 1216-1222 Johan I Sverkersson
82%
Kingdom of Sweden 1389-1412 Margareta Valdemarsdotter
82%
Kingdom of Denmark 1387-1412 Margrete I Valdemarsdatter
82%
Kingdom of Norway 1388-1412 Margrete Valdemarsdotter
82%
Kingdom of Denmark 1972-2024 Margrethe II
82%
Kingdom of Sweden 1751-1771 Adolf Fredrik
73%
Kingdom of Norway 932-934 Eirik I Haraldsson "Blodøks"
73%
Kingdom of Norway 1389-1442 Eirik III "av Pommern"
73%
Kingdom of Norway 1273-1299 Eirik II Magnusson
73%
Kingdom of Denmark 1321-1326 Erik Christoffersen
73%
Kingdom of Denmark 1329-1331/2 Erik Christoffersen
73%
Kingdom of Denmark 1095-1103 Erik I "Ejegod"
73%
Kingdom of Denmark 1134-1137 Erik II "Emune"
73%
Kingdom of Denmark 1137-1146 Erik III "Lam"
73%
Kingdom of Denmark 1232-1250 Erik IV "Plovpenning"
73%
Kingdom of Sweden 1157-1160 Erik IX Jedvardsson "den Helige"
73%
Kingdom of Sweden 1066 Erik och Erik
73%
Kingdom of Denmark 1412-1439 Erik VII "af Pommern"
73%
Kingdom of Sweden 1083 Erik VIII "Årsäll"
73%
Kingdom of Sweden 970-995 Erik VII "Segersäll"
73%
Kingdom of Denmark 1286-1319 Erik VI "Menved"
73%
Kingdom of Denmark 1259-1286 Erik V "Klipping"
73%
Kingdom of Sweden 1222-1229 Erik XII Eriksson "Läspe och Halte"
73%
Kingdom of Sweden 1234-1250 Erik XII Eriksson "Läspe och Halte"
73%
Kingdom of Sweden 1396-1439 Erik XIII "av Pommern"
73%
Kingdom of Sweden 1356-1359 Erik XII Magnusson
73%
Kingdom of Sweden 1560-1569 Erik XIV
73%
Kingdom of Sweden 1208-1216 Erik X Knutsson "som Överlevde"
73%
Kingdom of Denmark 1523-1533 Frederik I
73%
Kingdom of Denmark 1559-1588 Frederik II
73%
Kingdom of Denmark 1648-1670 Frederik III
73%
Kingdom of Denmark 1699-1730 Frederik IV
73%
Kingdom of Denmark 1947-1972 Frederik IX
73%
Kingdom of Denmark 1746-1766 Frederik V
73%
Kingdom of Denmark 1808-1839 Frederik VI
73%
Kingdom of Denmark 1848-1863 Frederik VII
73%
Kingdom of Denmark 1906-1912 Frederik VIII
73%
Kingdom of Denmark 2024- Frederik X
73%
Kingdom of Sweden 1720-1751 Fredrik I
73%
Kingdom of Norway 1523-1533 Fredrik I
73%
Kingdom of Norway 1559-1588 Fredrik II
73%
Kingdom of Norway 1648-1670 Fredrik III
73%
Kingdom of Norway 1699-1730 Fredrik IV
73%
Kingdom of Norway 1746-1766 Fredrik V
73%
Kingdom of Norway 1905-1957 Haakon VII
64%
Kingdom of Sweden 1362-1364 Håkan Magnusson
64%
Kingdom of Sweden 1070s Håkan "Röde"
64%
Kingdom of Norway 1240-1257 Håkon Håkonsson "Unge"
64%
Kingdom of Norway 934-960 Håkon I Haraldsson "den Gode"
64%
Kingdom of Norway 1202-1204 Håkon III Sverresson
64%
Kingdom of Norway 1093-1095 Håkon II Magnusson "Toresfostre"
64%
Kingdom of Norway 1157-1162 Håkon II Sigurdsson "Herdebrei"
64%
Kingdom of Norway 1217-1263 Håkon IV Håkonsson "Gamle"
64%
Kingdom of Norway 1343-1380 Håkon VI Magnusson "Unge"
64%
Kingdom of Norway 1299-1319 Håkon V Magnusson "Háleggr"
64%
Kingdom of Denmark 1042-1047 Magnus "den Gode"
55%
Kingdom of Norway 1142-1145 Magnus Haraldsson
55%
Kingdom of Norway 1066-1069 Magnus II Haraldsson
55%
Kingdom of Sweden 1160-1161 Magnus II Henriksson
55%
Kingdom of Sweden 1275-1290 Magnus III Birgersson "Ladulås"
55%
Kingdom of Norway 1095-1103 Magnus III Olavsson "Berrføtt"
55%
Kingdom of Sweden 1125-1130/32 Magnus I Nilsson "den Sterke"
55%
Kingdom of Norway 1035-1047 Magnus I Olavsson "den Gode"
55%
Kingdom of Sweden 1319-1364 Magnus IV Magnusson
55%
Kingdom of Norway 1130-1135 Magnus IV Sigurdsson "Blinde"
55%
Kingdom of Norway 1161-1184 Magnus V Erlingsson
55%
Kingdom of Norway 1257-1280 Magnus VI Håkonsson "Lagabøte"
55%
Kingdom of Norway 1319-1355 Magnus VII Eiriksson
55%
Kingdom of Denmark 1086-1095 Olaf I "Hunger"
55%
Kingdom of Denmark 1376-1387 Olaf II
55%
Kingdom of Norway 1015-1028 Olav II Haraldsson "den Helige"
55%
Kingdom of Norway 1069-1093 Olav III Haraldsson "Kyrre"
55%
Kingdom of Norway 995-1000 Olav I Tryggvason
55%
Kingdom of Norway 1380-1387 Olav IV Håkonsson
55%
Kingdom of Norway 1103-1115 Olav IV Magnusson
55%
Kingdom of Norway 1957-1991 Olav V
55%
Kingdom of Sweden 995-1022 Olof "Skötkonung"
55%
Kingdom of Denmark 1250-1259 Christoffer
45%
Kingdom of Sweden 1441-1448 Kristofer "av Bayern"
45%
Kingdom of Sweden 1844-1859 Oscar I
45%
Kingdom of Sweden 1872-1907 Oscar II
45%
Kingdom of Norway 1844-1859 Oskar I
45%
Kingdom of Norway 1872-1905 Oskar II
45%
Kingdom of Norway 1136-1155 Sigurd II Haraldsson "Munn"
45%
Kingdom of Norway 1103-1130 Sigurd I Magnusson "Jorsalfare"
45%
Kingdom of Sweden 1250-1275 Valdemar Birgersson
45%
Kingdom of Denmark 1215-1231 Valdemar "den Unge"
45%
Kingdom of Denmark 1154-1182 Valdemar I "den Store"
45%
Kingdom of Denmark 1326-1329 Valdemar III
45%
Kingdom of Denmark 1202-1241 Valdemar II "Sejr"
45%
Kingdom of Denmark 1340-1375 Valdemar IV "Atterdag"
45%
Kingdom of Sweden 1081-1083 "Blot" Sven
36%
Kingdom of Denmark 1320-1326 Christoffer II
36%
Kingdom of Denmark 1329-1332 Christoffer II
36%
Kingdom of Denmark 1440-1448 Christoffer III "oaf Bayern"
36%
Kingdom of Sweden 1078-1112 Inge "den Äldre"
36%
Kingdom of Sweden 1118-1125/30 Inge Halstensson "den Yngre"
36%
Kingdom of Norway 1136-1161 Inge I Haraldsson " Krokrygg"
36%
Kingdom of Norway 1204-1217 Inge II Bårdsson
36%
Kingdom of Sweden 1632-1654 Kristina
36%
Kingdom of Norway 1442-1448 Kristoffer "av Bayern"
36%
Kingdom of Norway 1030-1035 Svein Knutsson
36%
Kingdom of Norway 1000-1013 Svein "Tjugeskjegg"
36%
Kingdom of Denmark 1047-1076 Svend II Estridsson
36%
Kingdom of Denmark 1146-1157 Svend III "Grathe"
36%
Kingdom of Denmark 986-1014 Svend I "Tveskæg"
36%
Kingdom of Sweden 1290-1318 Birger Magnusson
27%
Kingdom of Sweden 1100-1118 Filip Halstensson
27%
Kingdom of Denmark 936-958/64 Gorm "den Gamle"
27%
Kingdom of Norway 1142-1157 Øystein II Haraldsson
27%
Kingdom of Norway 1103-1123 Øystein I Magnusson
27%
Kingdom of Sweden 1592-1599 Sigismund
27%
Kingdom of Norway 1184-1202 Sverre Sigurdsson
27%
Kingdom of Denmark 1250-1252 Abel
18%
Kingdom of Sweden 1364-1389 Albrekt "av Mecklenburg"
18%
Kingdom of Sweden 1068-1076 Anund "Gårdske"
18%
Kingdom of Sweden 1022-1050 Anund Jakob
18%
Kingdom of Norway 1204 Guttorm Sigurdsson
18%
Kingdom of Sweden 1130-1156 Sverker I "den Äldre"
18%
Kingdom of Sweden 1196-1208 Sverker II Karlsson "den Yngre"
18%
Kingdom of Sweden 1719-1720 Ulrika Eleonora
18%
Kingdom of Sweden 1170s Burislev
9%
Kingdom of Sweden 1050-1060 Emund "den Gamle"
9%
Kingdom of Sweden 1066-1068 Halsten Stenkilsson
9%
Kingdom of Sweden 1170s Kol
9%
Kingdom of Denmark 1104-1134 Niels
9%
Kingdom of Sweden 1120s-1130s Ragnvald "Knaphövde"
9%
Kingdom of Sweden 1060-1066 Stenkil Ragnvaldsson
9%
No matching quizzes found
Score Distribution
Percent of People with Each Score
Percentile by Number Answered
Your Score History
You have not taken this quiz